Ergonomía 1, Fundamentos
| Main Authors: | , , |
|---|---|
| Format: | Section = Libro |
| Language: | Undetermined Spanish |
| Published: |
Colombia
Alfaomega
2000
|
| Edition: | 3a.ed. |
| Subjects: |
| LEADER | 00659nam a2200253Ia 4500 | ||
|---|---|---|---|
| 008 | 240829s9999 xx 000 0 und d | ||
| 020 | |a 970-15-0295-7 | ||
| 040 | |a BIBLIOTECA-RUSB/ 620.82 M741 | ||
| 041 | |a spa | ||
| 082 | |a 620.82 M741 | ||
| 100 | 1 | |a Modelo, Pedro R. | |
| 100 | 1 | |b Torada, Enrique G | |
| 100 | 1 | |c Bombardo, Pedro Barran | |
| 245 | 1 | 0 | |a Ergonomía 1, Fundamentos |
| 250 | |a 3a.ed. | ||
| 260 | |a Colombia |b Alfaomega |c 2000 | ||
| 300 | |a 194 p. :il. | ||
| 650 | 7 | |a ERGONOMIA - FUNDAMENTOS | |
| 650 | 7 | |b SISTEMAS - HOMBRE MAQUINA | |
| 650 | 7 | |c ANTROPOMETRIA | |
| 650 | 7 | |d FATIGA MENTAL | |
| 942 | |c BK |2 ddc | ||
| 991 | |a TEXTO | ||
| 999 | |c 2851 | ||